000 00813nam a2200241Ia 4500
003 OSt
005 20220923211059.0
006 a|||||r|||| 00| 0
007 ta
008 Pun
020 _a8178561271 (hbk)
_c100
024 _a243,653
037 _b329, 08/10/2010, H.K. Prakashan
_cTextual
040 _aARTS
_cARTS
_bPun
041 _2Pun
_aPun
082 _aQ8441:21x:g, 153P5
100 _aਗੁਰਮੁਖ ਸਿੰਘ
_9157968
245 0 _aਬਾਰਾਮਾਹ ਤੁਖਾਰੀ
_b ਪ੍ਰਵਚਨ ਤੇ ਪਾਠ ਵਿਚਾਰ
260 _aਅੰਮ੍ਰਿਤਸਰ
_b ਵਾਰਿਸ Fਾਹ
_c2005
300 _a100ਪੰ
_ccm.
942 _hQ8441:21x:g, 153P5
_cTEXL
_2CC
999 _c294939
_d294939